LISTE DE LA FRANCE POUR COUPE DU MONDE 2026 - Statistiques

Statistiques générales
  • Ce quiz a été pris 114 fois
  • Le résultat moyen est 25 sur 27
Statistiques - réponses
POSTE CLUB JOUEUR % Correct
GARDIEN AC MILAN MAIGNAN
100%
ATTAQUANT REAL MADRID MBAPPE
100%
ENTRAINEUR DESCHAMPS
99%
DEFENSEUR AL HILAL HERNANDEZ
99%
DEFENSEUR PSG HERNANDEZ
99%
DEFENSEUR BAYERN MUNICH UPAMECANO
98%
ATTAQUANT PSG DEMBELE
97%
ATTAQUANT BAYERN MUNICH OLISE
97%
MILIEU REAL MADRID TCHOUAMENI
97%
ATTAQUANT MANCHESTER CITY CHERKI
96%
MILIEU FENERBAHCE KANTE
96%
DEFENSEUR FC BARCELONE KOUNDE
96%
ATTAQUANT PSG DOUE
95%
DEFENSEUR LIVERPOOL KONATE
95%
MILIEU AC MILAN RABIOT
94%
ATTAQUANT INTER MILAN THURAM
94%
MILIEU PSG ZAIRE EMERY
94%
DEFENSEUR ARSENAL SALIBA
93%
ATTAQUANT CRYSTAL PALACE MATETA
91%
ATTAQUANT AS MONACO AKLIOUCHE
90%
ATTAQUANT PSG BARCOLA
90%
DEFENSEUR CRYSTAL PALACE LACROIX
90%
GARDIEN RENNES SAMBA
90%
DEFENSEUR ASTON VILLA DIGNE
89%
MILIEU AS ROMA KONE
89%
DEFENSEUR CHELSEA GUSTO
88%
GARDIEN LENS RISSER
86%
Aucun quiz correspondant
Distribution des résultats
% des personnes avec chaque résultat
Percentile par nombre de réponses
Votre historique - résultats
Vous n’avez pas pris ce quiz